Pojištění podnikatelů a průmyslu a oceňování rizik
Poistný trh a poistenie priemyslu v Českej republike. Objasnenie definície pojmu a to vymedzenie medzi cieľovou skupinou "podnikateľov" a cieľovou skupinou "priemyslových zákazníkov". Poistenie podnikateľov. Poistenie priemyslu. Priemyslové poistenie majetku. Technické poistenie. Škodové rezervy. Za...
Salvato in:
| Autore principale: | |
|---|---|
| Natura: | Capitolo di libro |
| Lingua: | ceco |
| Soggetti: | |
| Tags: |
Nessun Tag, puoi essere il primo ad aggiungerne!!
|
MARC
| LEADER | 00000naa a2200000 4500 | ||
|---|---|---|---|
| 001 | r018018 | ||
| 005 | 20221208131322.6 | ||
| 041 | 0 | |a cze | |
| 044 | |a CZ | ||
| 245 | 1 | 0 | |a Pojištění podnikatelů a průmyslu a oceňování rizik |c T. Münkel |
| 520 | |a Poistný trh a poistenie priemyslu v Českej republike. Objasnenie definície pojmu a to vymedzenie medzi cieľovou skupinou "podnikateľov" a cieľovou skupinou "priemyslových zákazníkov". Poistenie podnikateľov. Poistenie priemyslu. Priemyslové poistenie majetku. Technické poistenie. Škodové rezervy. Zaistenie. Oceňovanie rizika. Poistní makléri. | ||
| 610 | 2 | 0 | |a trh poistný |
| 610 | 2 | 0 | |a Česko |
| 610 | 2 | 0 | |a poistenie |
| 610 | 2 | 0 | |a podnikatelia |
| 610 | 2 | 0 | |a priemysel |
| 610 | 2 | 0 | |a zaistenie |
| 610 | 2 | 0 | |a poistenie majetku |
| 610 | 2 | 0 | |a poistenie zodpovednosti za škody |
| 610 | 2 | 0 | |a riziko |
| 610 | 2 | 0 | |a oceňovanie |
| 100 | 1 | |a Münkel, T. | |